000 00560nam a2200169 i 4500
001 28182
003 ES-MaACL
005 20230906153803.0
007 t|
008 030116s1968 sp |||| | spa d
100 1 _aBalcells Gorina, A.
_924868
245 1 3 _aLa universidad, sus hombres y la sociedad /
_cAlfonso Balcells-Gorina.
260 _aSalamanca :
_bAsociación de Antiguos Alumnos y Amigos de la Universidad de Salamanca,
_c1968.
300 _a84 p. ;
_c21 cm.
650 4 _aEnseñanza superior-
_zEspaña-
_yS.XX.
_912320
852 _aES-MaACL
_jC-50410
999 _c28182
_d28182